Crecimiento demográfico y desarrollo socio-económico: una visión de Latinoamérica /
Bewaard in:
| Hoofdauteur: | |
|---|---|
| Formaat: | Texto |
| Onderwerpen: | |
| Tags: |
Voeg label toe
Geen labels, Wees de eerste die dit record labelt!
|
MARC
| LEADER | 00000 a a2200000 04500 | ||
|---|---|---|---|
| 001 | 42779 | ||
| 003 | |||
| 040 | |||
| 100 | |a Singer, Paul | ||
| 245 | |a Crecimiento demográfico y desarrollo socio-económico: |b una visión de Latinoamérica / |c Paul Singer | ||
| 650 | |a AMERICA LATINA | ||
| 650 | |a CRECIMIENTO DEMOGRAFICO | ||
| 650 | |a ECONOMIA | ||
| 650 | |a DESARROLLO ECONOMICO Y SOCIAL | ||
| 773 | |g volumen3, número9 (1974), páginas 11-16 | ||
| 999 | |c 39954 |d 39954 | ||
| 773 | 0 | |0 18875 |9 5496 |a Universidad de Costa Rica. |d San José, Costa Rica: Universidad de Costa Rica. Consejo Superior Universitario Centroamericano, 1972- |o 13826 |t Estudios Sociales Centroamericanos / |x 03039676 | |
